000 00531nam a2200181Ia 4500
008 090124s9999 xx 000 0 und d
082 _b23820
100 _aबनहट्टी राजेंद्र
245 _a अवेळ
250 _a0
260 _bविशाखा प्रकाशन
_c1985
300 _a156
600 _aबनहट्टी राजेंद्र
630 _a अवेळ
700 _aबनहट्टी राजेंद्र
730 _a अवेळ
942 _cBOOK
999 _c92521
_d92521